000 00430nam a2200181Ia 4500
001 19586
005 20260306172704.0
008 260306t2017||||xx |||||||||||||| ||spa||
041 _aESP
082 _a340.7
_bE373 N° 12
100 _aRocca, Lilian
_eAUT
245 0 _aEl mercado de valores en fácil
260 _c2017
300 _a186 páginas :
_c20 cm.
650 _aGEN
654 _aCDE
942 _cLIB
_dJUS
_fJUS
_2ddc
_n
999 _c19586
_d19586